STRONGLY ALMOST (□, □, q)-SUMMABLE SEQUENCES

Bibliographic Details
Main Author: Işik, Mahmut (Author)
Format: Article
Language:English

MARC

LEADER 00000nab a2200000uu 4500
001 vtls011450058
003 SK-MaSNL
005 20260303151419.0
008 230222|2011 xo |||||||||||||||||eng|
015 |a SNBRB 
035 |a (urnnbn)urn:nbn:sk:snk:ar-006f57 
035 |a (uuid)ed2291e2-3061-49e6-8e49-55a314886bd7 
035 |a urn:nbn:sk:snk-abcmc1 
040 |a SNKBUCL  |b slo  |c SNKBUCL  |e AACR2 
041 0 |a eng 
044 |a xo  |c SK 
100 1 |a Işik, Mahmut  |4 aut  |9 1170955 
245 1 0 |a STRONGLY ALMOST (□, □, q)-SUMMABLE SEQUENCES  |c Mahmut Işik 
773 0 |t Mathematica Slovaca  |g Roč. 61, č. 5 (2011), s. [779]-788 
958 |a OND 
958 |a EUIPO 
958 |a article16 
999 |c 2017560  |d 2019490